Application interoperability : (Record no. 62270)

MARC details
000 -LEADER
fixed length control field 00606nam a22001577a 4500
005 - DATE AND TIME OF LATEST TRANSACTION
control field 20120208130027.0
020 ## - INTERNATIONAL STANDARD BOOK NUMBER
International Standard Book Number 8120326687
Terms of availability 495.00
035 ## - SYSTEM CONTROL NUMBER
System control number B-182160
037 ## - SOURCE OF ACQUISITION
Stock number DPL
Source of stock number/acquisition ENG
100 ## - MAIN ENTRY--PERSONAL NAME
Personal name Laudati, Peter
245 ## - TITLE STATEMENT
Title Application interoperability :
Remainder of title Microsoft .Net and J2EE pattern and practices /
Statement of responsibility, etc by Peter Laudati et. al.
260 ## - PUBLICATION, DISTRIBUTION, ETC. (IMPRINT)
Place of publication, distribution, etc New Delhi
Name of publisher, distributor, etc Prentice-Hall of India
Date of publication, distribution, etc 2005
300 ## - PHYSICAL DESCRIPTION
Extent 359p.
Dimensions 22 cms.
942 ## - ADDED ENTRY ELEMENTS (KOHA)
Source of classification or shelving scheme Dewey Decimal Classification
Item type English Books
Classification part 005.276
Call number suffix APP
Holdings
Withdrawn status Lost status Not for loan Collection code Home library Current library Date acquired Cost, normal purchase price Full call number Barcode Cost, replacement price Koha item type
      Non-fiction Sarojini Nagar Sarojini Nagar 08/02/2012 495.00 005.276 APP B-182160 495.00 English Books

© Delhi Public Library
Hit Counter
free hit counter